UBT Library

The Open economy : (Record no. 40358)

000 -LEADER
fixed length control field 00712cam a2200241 a 4500
001 - CONTROL NUMBER
control field 3381741
005 - DATE AND TIME OF LATEST TRANSACTION
control field 20180116044829.0
008 - FIXED-LENGTH DATA ELEMENTS--GENERAL INFORMATION
fixed length control field 880218s1988 nyua b 001 0 eng
010 ## - LIBRARY OF CONGRESS CONTROL NUMBER
LC control number 88005176
020 ## - INTERNATIONAL STANDARD BOOK NUMBER
International Standard Book Number 0195206568 :
Terms of availability $38.00
020 ## - INTERNATIONAL STANDARD BOOK NUMBER
International Standard Book Number 0195207092 (pbk.) :
Terms of availability $14.95
040 ## - CATALOGING SOURCE
Original cataloging agency DLC
Transcribing agency DLC
Modifying agency DLC
041 ## - LANGUAGE CODE
Language code of text/sound track or separate title eng
043 ## - GEOGRAPHIC AREA CODE
Geographic area code d------
080 ## - UNIVERSAL DECIMAL CLASSIFICATION NUMBER
Universal Decimal Classification number 338.9009
082 00 - DEWEY DECIMAL CLASSIFICATION NUMBER
Classification number 338.9009 DOR
Edition number 19
100 ## - Rafti
Rafti 52
101 ## - Shkurtesa
Shkurtesa EKO
245 04 - TITLE STATEMENT
Title The Open economy :
Statement of responsibility, etc edited by Rudiger Dornbusch and F. Leslie C.H. Helmers.
504 ## - BIBLIOGRAPHY, ETC. NOTE
Bibliography, etc Includes bibliographies and index.
906 ## - LOCAL DATA ELEMENT F, LDF (RLIN)
a 7
b cbc
c orignew
d 1
e ocip
f 19
g y-gencatlg
942 ## - ADDED ENTRY ELEMENTS (KOHA)
Source of classification or shelving scheme
Item type Books
Holdings
Withdrawn status Lost status Source of classification or shelving scheme Damaged status Not for loan Collection code Permanent location Current location Shelving location Date acquired Total Checkouts Full call number Barcode Date last seen Price effective from Koha item type
          Koleksioni i përgjithshem UBT - Lipjan UBT - Lipjan Koleksioni i përgjithshem 01/16/2018   338.9009 DOR 002-2995576 01/16/2018 01/16/2018 Books
UBT Library © 2015-2024. All rights reserved University Education for Business and Technology